000 01083nam a2200169Ia 4500
005 20250117103824.0
008 250117s9999 xx 000 0 und d
020 _a9781946885142
082 _a330JOS
100 _aPeter, Joseph.
245 4 _aThe new human rights movement
_breinventing the economy to end oppression
260 _aDallas
_bBenBella Books
_c2017
300 _axxi, 423p. : ill. ; 23 cm
500 _aIncludes bibliographical references.
520 _aIn our interconnected world, self-interest and social-interest are rapidly becoming indistinguishable. If current negative trajectories remain, including growing climate destabilization, biodiversity loss, and economic inequality, an impending future of ecological collapse and societal destabilization will make ?personal success? virtually meaningless. Yet our broken social system incentivizes behavior that will only make our problems worse. If true human rights progress is to be achieved today, it is time we dig deeper?rethinking the very foundation of our social system.
650 _aHuman rights movements.
999 _c6481
_d6481